Hatchet Franchise - Statistics

General Stats
  • This quiz has been taken 19 times
  • The average score is 2 of 6
Answer Stats
Type Year Name Info % Correct
Novel 1986 Hatchet Gary Paulsen
100%
Novel 1996 Brian's Winter Gary Paulsen
33%
Novel 1999 Brian's Return Gary Paulsen
25%
Novel 1991 The River Gary Paulsen
25%
Film 1990 A Cry in the Wild Concorde Pictures / MGM
8%
Novel 2003 Brian's Hunt Gary Paulsen
8%
No matching quizzes found
Score Distribution
Percent of People with Each Score
Percentile by Number Answered
Your Score History
You have not taken this quiz